Caricamento...
Daily inspiration
| Autore principale: | |
|---|---|
| Natura: | Printed Book |
| Pubblicazione: |
Mumbai
Jaico
2008
|
| Soggetti: |
| LEADER | 00441nam a22001337a 4500 | ||
|---|---|---|---|
| 020 | |a 9788179927946 | ||
| 082 | |a 158.1 |b ROB/D | ||
| 100 | |a Robin Sharma | ||
| 245 | |a Daily inspiration | ||
| 260 | |a Mumbai |b Jaico |c 2008 | ||
| 650 | |a Personal improvement | ||
| 942 | |c BK | ||
| 999 | |c 41877 |d 41877 | ||
| 952 | |0 0 |1 0 |4 0 |6 158_100000000000000_ROBD |7 0 |8 Stack |9 45398 |a KUCL |b KUCL |c Stack |d 2016-09-27 |g 195.00 |l 2 |m 1 |o 158.1 ROB/D |p 43167 |r 2019-10-17 |s 2019-08-14 |w 2016-09-27 |y BK | ||